| 000 -LEADER |
| fixed length control field |
01431cam a2200277 ab4500 |
| 001 - CONTROL NUMBER |
| control field |
2345366 |
| 003 - CONTROL NUMBER IDENTIFIER |
| control field |
OSt |
| 005 - DATE AND TIME OF LATEST TRANSACTION |
| control field |
20241002142648.0 |
| 008 - FIXED-LENGTH DATA ELEMENTS--GENERAL INFORMATION |
| fixed length control field |
211222r20152004enk jr 000 1 eng d |
| 020 ## - INTERNATIONAL STANDARD BOOK NUMBER |
| International Standard Book Number |
9781406360233 |
| Qualifying information |
(pbk.) |
| 020 ## - INTERNATIONAL STANDARD BOOK NUMBER |
| International Standard Book Number |
1406360236 |
| Qualifying information |
(pbk.) |
| 020 ## - INTERNATIONAL STANDARD BOOK NUMBER |
| International Standard Book Number |
1406364886 |
| Qualifying information |
(pbk.) |
| 040 ## - CATALOGING SOURCE |
| Original cataloging agency |
ERD |
| Language of cataloging |
eng |
| Transcribing agency |
ERD |
| Modifying agency |
OCLCO |
| -- |
OCLCF |
| -- |
OCLCQ |
| -- |
OCLCA |
| -- |
OCL |
| -- |
MAC |
| -- |
ATMAZ |
| -- |
TCPL |
| -- |
KH8 |
| Description conventions |
aacr2 |
| 042 ## - AUTHENTICATION CODE |
| Authentication code |
nbic |
| 082 ## - DEWEY DECIMAL CLASSIFICATION NUMBER |
| Classification number |
FIC HOR |
| 100 1# - MAIN ENTRY--PERSONAL NAME |
| Personal name |
Horowitz, Anthony, |
| Dates associated with a name |
1955- |
| Relator term |
author. |
| 245 10 - TITLE STATEMENT |
| Title |
Scorpia / |
| Statement of responsibility, etc. |
Anthony Horowitz. |
| 260 ## - PUBLICATION, DISTRIBUTION, ETC. |
| Place of publication, distribution, etc. |
London : |
| Name of publisher, distributor, etc. |
Walker Books, |
| Date of publication, distribution, etc. |
2015. |
| 300 ## - PHYSICAL DESCRIPTION |
| Extent |
360 pages ; |
| Dimensions |
20 cm. |
| 490 1# - SERIES STATEMENT |
| Series statement |
Alex Rider ; |
| Volume/sequential designation |
bk 5. |
| 500 ## - GENERAL NOTE |
| General note |
Originally published : 2004. |
| 520 ## - SUMMARY, ETC. |
| Summary, etc. |
Alex Rider, teen spy, has always been told he is the spitting image of the father he never knew. But when Alex learns that his father may have been an assassin for the most lethal and powerful terrorist organization in the world, Scorpia, his world shatters. Now Scorpia wants Alex on their side, and Alex no longer has the strength to fight them. That is, until he learns of Scorpia's latest plot: an operation known only as "Invisible Sword" that will result in the deathof thousands of people. Can Alex prevent the slaughter, or will Scorpia prove once and for all that the terror will not be stopped? |
| 600 10 - SUBJECT ADDED ENTRY--PERSONAL NAME |
| Personal name |
Rider, Alex |
| Titles and other words associated with a name |
(Fictitious character) |
| Form subdivision |
Juvenile fiction. |
| 830 #0 - SERIES ADDED ENTRY--UNIFORM TITLE |
| Uniform title |
Alex Rider ; |
| Volume/sequential designation |
bk 5. |
| 942 ## - ADDED ENTRY ELEMENTS (KOHA) |
| Source of classification or shelving scheme |
|
| Koha item type |
Books - Fiction |